000
00290nam a22001217a 4500
082
_a
030
_b
BRI/R-1
100
_a
PAPPAS,THEODORE
245
_a
READY REFERENCE ENCYCLOPEDIA
260
_a
NEW DELHI
_b
ENCYCLOPAEDIA BRITANICA
300
_a
252
650
_a
GENERAL KNOWLEDGE
_z
INDIA
942
_c
BK
999
_c
2083
_d
2083